00744nam a22001817a 450000500170000000800410001702000150005805000230007324501050009625000110020126000560021230000210026850400280028965000570031765000800037465100730045470000350052720250228145035.0 t ag gr|||| 00| 0 spa|d a950943211304aHF1480.5bT73 198400aTransnacionalización y desarrollo nacional en América Latina c / Luciano Tomassini, compilador. a1a ed. aBuenos Aires :bGrupo Editor Latinoamericano,c1984 a291 p. ;c19 cm. aIncluye bibliografías 4aDerecho marítimovDiscursos, ensayos, conferencias 4aPolítica energéticaxAmérica LatinavDiscursos, ensayos, conferencias 4aAmérica LatinaxRelaciones económicas internacionales xComercio1 aTomassini, Lucianoecompilador